[Úvodné slovo]

Salvato in:
Dettagli Bibliografici
Autore principale: Čech, Ľubomír, 1955-
Natura: Capitolo di libro
Lingua:slovacco
Tags: Aggiungi Tag
Nessun Tag, puoi essere il primo ad aggiungerne!!

MARC

LEADER 00000nla a2200000 4500
001 0226679
005 20240502073731.8
041 0 |a slo 
044 |a SK 
245 1 0 |a [Úvodné slovo]  |c Ľubomír Čech 
100 1 |a Čech, Ľubomír, 1955-